Diccionario de filosofía ilustrado : (Registro nro. 7480)

Detalles MARC
000 -LEADER
fixed length control field 00996cam a2200253 i 4500
003 - CONTROL NUMBER IDENTIFIER
control field OSt
005 - DATE AND TIME OF LATEST TRANSACTION
control field 20210306185311.0
008 - FIXED-LENGTH DATA ELEMENTS--GENERAL INFORMATION
fixed length control field 050713t1998 ck abco rd 001 0 spa d
020 ## - INTERNATIONAL STANDARD BOOK NUMBER
International Standard Book Number 9583002607
040 ## - CATALOGING SOURCE
Original cataloging agency CO-JMCR
Transcribing agency CO-JMCR
041 0# - LANGUAGE CODE
Language code of text/sound track or separate title spa
082 04 - DEWEY DECIMAL CLASSIFICATION NUMBER
Classification number R 103 /
Item number M386d
Edition number 21
100 1# - MAIN ENTRY--PERSONAL NAME
Personal name Martínez Echeverri, Leonor,
Relator term autora
9 (RLIN) 14498
245 10 - TITLE STATEMENT
Title Diccionario de filosofía ilustrado :
Remainder of title autores contemporáneos, lógica, filosofía del lenguaje /
Statement of responsibility, etc. Leonor Martínez Echeverri y Hugo Martínez Echeverri ; edición Juan Carlos González Espitia
250 ## - EDITION STATEMENT
Edition statement Cuarta edición
260 ## - PUBLICATION, DISTRIBUTION, ETC.
Place of publication, distribution, etc. Bogotá :
Name of publisher, distributor, etc. Panamericana,
Date of publication, distribution, etc. ©1998
300 ## - PHYSICAL DESCRIPTION
Extent 606 páginas, [4] páginas de mapas :
Other physical details ilustraciones, mapas, fotos y retratos ;
Dimensions 21 cm
490 0# - SERIES STATEMENT
Series statement Filosofía y política
500 ## - GENERAL NOTE
General note Incluye índice.
650 14 - SUBJECT ADDED ENTRY--TOPICAL TERM
Topical term or geographic name entry element Filosofía
Form subdivision Diccionarios
9 (RLIN) 14499
700 1# - ADDED ENTRY--PERSONAL NAME
Personal name Martínez Echeverri, Hugo,
Relator term autor
9 (RLIN) 14500
700 1# - ADDED ENTRY--PERSONAL NAME
Personal name González Espitia, Juan Carlos,
Relator term editor
9 (RLIN) 14501
942 ## - ADDED ENTRY ELEMENTS (KOHA)
Source of classification or shelving scheme Dewey Decimal Classification
Koha item type Reference
Existencias
Withdrawn status Lost status Source of classification or shelving scheme Damaged status Not for loan Collection code Home library Current library Date acquired Source of acquisition Total Checkouts Full call number Barcode Date last seen Copy number Price effective from Koha item type
    Dewey Decimal Classification     Reference Biblioteca Pública José María del Castillo y Rada Biblioteca Pública José María del Castillo y Rada 03/06/2021 Donación   R 103 / M386d 201810692 03/06/2021 Ej.1 03/06/2021 Reference